The hidden Web : a sourcebook

Google is certainly a useful Internet search tool for general topics, but most of the information available on the Invisible Web can't be found through Google. This book explains the value of the Invisible Web and how to access it

Enregistré dans:
Détails bibliographiques
Auteur principal: Scheeren, William O.
Format: Livre
Langue:Undetermined
Publié: Santa Barbara, California Libraries Unlimited, an imprint of ABC-CLIO, LLC 2012
Sujets:
Tags: Ajouter un tag
Pas de tags, Soyez le premier à ajouter un tag!
Thư viện lưu trữ: Trung tâm Học liệu Trường Đại học Cần Thơ
LEADER 00832nam a2200217Ia 4500
001 CTU_198911
008 210402s9999 xx 000 0 und d
020 |c 1388000 
082 |a 025.0422 
082 |b S314 
100 |a Scheeren, William O. 
245 4 |a The hidden Web : 
245 2 |b a sourcebook 
245 0 |c William O. Scheeren. 
260 |a Santa Barbara, California 
260 |b Libraries Unlimited, an imprint of ABC-CLIO, LLC 
260 |c 2012 
520 |a Google is certainly a useful Internet search tool for general topics, but most of the information available on the Invisible Web can't be found through Google. This book explains the value of the Invisible Web and how to access it 
650 |a Invisible Web,Web ẩn 
904 |i Bằng 
980 |a Trung tâm Học liệu Trường Đại học Cần Thơ